Ehemalige Herrschaftsgebiete des Britischen Weltreiches - Statistiken

Allgemein
  • Dieses Quiz wurde 345 mal gespielt
  • Das Durchschnittsergebnis liegt bei 5 aus 9
Antwortstatistiken
Start Ende Herrschaftsgebiet % Korrekt
1947 1950 Indien
91%
1901 1953 Australien
90%
1867 1953 Kanada
80%
1907 1953 Neu Seeland
79%
1910 1953 Süd Afrika
69%
1947 1953 Pakistan
51%
1922 1949 Irischer Freistaat / Éire
48%
1948 1953 Ceylon
23%
1907 1949 Neufundland
12%
Keine übereinstimmenden Quizze gefunden
Verteilung der Resultate
Anzahl Personen mit jedem Resultat
Perzentil nach korrekt beantworteten Fragen
Ihre Resultats-Entwicklung
Sie haben dieses Quiz noch nicht gespielt